Punaṃnampūtiriyuṭe bhāṣārāmāyaṇacampu : (Record no. 78774)

MARC details
000 -LEADER
fixed length control field 00896cam a2200241 i 4500
001 - CONTROL NUMBER
control field sa 68002500
003 - CONTROL NUMBER IDENTIFIER
control field DLC
005 - DATE AND TIME OF LATEST TRANSACTION
control field 20260227112443.0
008 - FIXED-LENGTH DATA ELEMENTS--GENERAL INFORMATION
fixed length control field 840913s1967 ii 000 0 malo
010 ## - LIBRARY OF CONGRESS CONTROL NUMBER
LC control number sa 68002500
040 ## - CATALOGING SOURCE
Original cataloging agency DLC
Transcribing agency DLC
Modifying agency DLC
050 00 - LIBRARY OF CONGRESS CALL NUMBER
Classification number PL4718.9.P734
Item number B47 1967
100 0# - MAIN ENTRY--PERSONAL NAME
Personal name Punaṃnampūtiri,
Dates associated with a name active 15th century.
240 10 - UNIFORM TITLE
Uniform title Bhāṣārāmāyaṇacampu
245 10 - TITLE STATEMENT
Title Punaṃnampūtiriyuṭe bhāṣārāmāyaṇacampu :
Remainder of title Vyākhyānattōṭiva sampūrṇṇa prasādhanaṃ.
260 ## - PUBLICATION, DISTRIBUTION, ETC.
Place of publication, distribution, etc. Tr̥śśivapērūr :
Name of publisher, distributor, etc. Kērala Sāhitya Akādami prasādhanaṃ ;
Place of publication, distribution, etc. Kottayam :
Name of publisher, distributor, etc. vitaraṇaṃ Nāṣanal Bukkst̲āḷ,
Date of publication, distribution, etc. 1967.
300 ## - PHYSICAL DESCRIPTION
Extent xcv, 952 p. ;
Dimensions 22 cm.
500 ## - GENERAL NOTE
General note In Malayalam.
500 ## - GENERAL NOTE
General note Based on the Rāmāyaṇa of Vālmīki.
650 #0 - SUBJECT ADDED ENTRY--TOPICAL TERM
Topical term or geographic name entry element Rāma (Hindu deity)
General subdivision Poetry.
700 0# - ADDED ENTRY--PERSONAL NAME
Personal name Vālmīki.
Title of a work Rāmāyaṇa.
740 0# - ADDED ENTRY--UNCONTROLLED RELATED/ANALYTICAL TITLE
Uncontrolled related/analytical title Bhāṣārāmāyaṇacampu.

No items available.

Powered by Koha